000 00629nam a2200217 a 4500
001 19205
003 CO-ViMGA
008 141112s2004 ck r 000 u spa d
020 _a8478443223
040 _aCO-ViMGA
_bspa
_cCO-ViMGA
082 0 4 _a839.8236 G117m
100 1 _aGaarder, Jostein
_97598
245 1 0 _aEl mundo de Sofía :
_bnovela sobre la historia de la filosofía
250 _a54
260 _aMadrid :
_bSiruela; 2003
300 _a638 p.
590 _aForma de adquisición : Proyecto 2005 - - Precio :
650 1 4 _aFILOSOFIA - HISTORIA - NOVELA
_97599
650 1 4 _aNOVELA NORUEGA
_97600
942 _2ddc
_cBK
999 _c28367
_d28367